| 000 | 00678nam a2200205Ia 4500 | ||
|---|---|---|---|
| 001 | 1107 | ||
| 003 | GE_BSU | ||
| 008 | 181216s||||||||xx |||||||||||||| ||und|| | ||
| 040 | _cGE_BSU | ||
| 080 | _a631.3(075.3) | ||
| 100 | _aგეგელიძე, გ ;შაფაქიძე, ე; | ||
| 245 | _aსასოფლო-სამეურნეო მანქანები. | ||
| 245 | _bსახელმძღვანელო. ნაწ. 1 | ||
| 260 | _aთბილისი | ||
| 260 | _c1998 | ||
| 300 | _a235 გვ. 20 სმ. | ||
| 541 | _h7 ლ. | ||
| 653 | _aსასოფლო-სამეურნეო მანქანები; | ||
| 942 | _cBK | ||
| 999 |
_c35258 _d35258 |
||